| 000 | 00570 a2200169 4500 | ||
|---|---|---|---|
| 003 | OSt | ||
| 005 | 20231127162745.0 | ||
| 008 | 231127b |||||||| |||| 00| 0 eng d | ||
| 020 | _a8122500293 | ||
| 040 | _coclc | ||
| 082 |
_a639.20954 _bSRI/T |
||
| 100 | 1 |
_aSrivastava, C. B. L. _q(Chhail Behari Lal), _d1938- _99958 |
|
| 245 |
_aA text book of fishery science and Indian fisheries / _cCBL Srivastava and Sushma Srivastava |
||
| 260 |
_aNew Delhi: _bKitab Mahal. _c2023. |
||
| 300 | _a541p | ||
| 942 |
_2ddc _cBK _h639.20954 _iSRI/T _k639.20954 _mSRI/T |
||
| 999 |
_c43695 _d43695 |
||